<?xml version="1.0" encoding="UTF-8"?>
<collection xmlns="http://www.loc.gov/MARC21/slim">
 <record>
  <leader>01593nab a2200193 i 4500</leader>
  <controlfield tag="001">acta1136</controlfield>
  <controlfield tag="005">20210420093248.0</controlfield>
  <controlfield tag="008">161015s2011    hu      o     0||   hun d</controlfield>
  <datafield tag="022" ind1=" " ind2=" ">
   <subfield code="a">0586-3708</subfield>
  </datafield>
  <datafield tag="040" ind1=" " ind2=" ">
   <subfield code="a">SZTE Egyetemi Kiadványok Repozitórium</subfield>
   <subfield code="b">hun</subfield>
  </datafield>
  <datafield tag="041" ind1=" " ind2=" ">
   <subfield code="a">hun</subfield>
  </datafield>
  <datafield tag="100" ind1="1" ind2=" ">
   <subfield code="a">Túri Tamás</subfield>
  </datafield>
  <datafield tag="245" ind1="1" ind2="0">
   <subfield code="a">Szenci Molnár Albert erdélyi tartózkodásához</subfield>
   <subfield code="h">[elektronikus dokumentum] /</subfield>
   <subfield code="c"> Túri Tamás</subfield>
  </datafield>
  <datafield tag="260" ind1=" " ind2=" ">
   <subfield code="c">2011</subfield>
  </datafield>
  <datafield tag="300" ind1=" " ind2=" ">
   <subfield code="a">463-469</subfield>
  </datafield>
  <datafield tag="490" ind1="0" ind2=" ">
   <subfield code="a">Acta historiae litterarum hungaricarum</subfield>
   <subfield code="v">30</subfield>
  </datafield>
  <datafield tag="520" ind1="3" ind2=" ">
   <subfield code="a">My paper proposes to supply new information concerning Albert Szenci Molnár's establishment in Translyvania. András Kiss found a letter in the archives of the Kemény family in Csombord, written by Erzsébet Bédi to his husband, János Keserűi Dajka. The document was composed in Gyulafehérvár (present-day Alba Iulia) in 1627, and reveals data which confirms that Albert Molnár's family was at that time staying at Erzsébet Bédi, while Molnár was in Kolozsvár (present-day Cluj), together with Keserűi. To date, scholarly literature has regarded 1629 as the year when Albert Szenci Molnár and his family moved to Transylvania, but in the light of this new document, the family had already been living there in 1627. The paper puts this new data in the proper context of previous research, offering a summary of Albert Molnár's time in Transylvania. Some questions concerning Albert Molnár's final decade are also posed.</subfield>
  </datafield>
  <datafield tag="695" ind1=" " ind2=" ">
   <subfield code="a">Szenci Molnár Albert, Irodalomtudomány</subfield>
  </datafield>
  <datafield tag="856" ind1="4" ind2="0">
   <subfield code="u">http://acta.bibl.u-szeged.hu/1136/1/hist_litt_hung_030_463-469.pdf</subfield>
   <subfield code="z">Dokumentum-elérés </subfield>
  </datafield>
 </record>
</collection>
